Catálogo
 En Linea

Institucionalidad y desarrollo : (Registro nro. 6033)

Detalles MARC
000 -CABECERA
campo de control de longitud fija 00822nam a2200193 a 4500
001 - NÚMERO DE CONTROL
campo de control 000006238
005 - FECHA Y HORA DE LA ÚLTIMA TRANSACCIÓN
campo de control 20200929153914.0
008 - DATOS DE LONGITUD FIJA--INFORMACIÓN GENERAL
campo de control de longitud fija 090827s1990 dr 000 0 spa d
082 ## - NÚMERO DE LA CLASIFICACIÓN DECIMAL DEWEY
Número de clasificación xxx
Número de documento/Ítem I59d
040 ## - FUENTE DE LA CATALOGACIÓN
Centro catalogador/agencia de origen DO-SdBNP
110 2# - ENTRADA PRINCIPAL--NOMBRE DE ENTIDAD CORPORATIVA
Nombre de entidad corporativa o nombre de jurisdicción como elemento de entrada Pontificia Universidad Católica Madre y Maestra
Unidad subordinada Departamento de Publicaciones
9 (RLIN) 17431
245 10 - MENCIÓN DE TÍTULO
Título Institucionalidad y desarrollo :
Resto del título propuestas de reformas presentadas por el centro univeristario de estudios políticos y sociales de la Pontificia Universidad Católica Madre y Maestra PUCMM /
Mención de responsabilidad, etc. editor Flavio Darío Espinal Jacobo.
260 ## - PUBLICACIÓN, DISTRIBUCIÓN, ETC.
Lugar de publicación, distribución, etc. Santo Domingo :
Nombre del editor, distribuidor, etc. Taller,
Fecha de publicación, distribución, etc. 1990.
300 ## - DESCRIPCIÓN FÍSICA
Extensión 145 p. ;
Dimensiones 23 cm.
490 0# - MENCIÓN DE SERIE
Mención de serie Documentos.
500 ## - NOTA GENERAL
Nota general Incluye notas al pie de las páginas
505 2# - NOTA DE CONTENIDO CON FORMATO
Nota de contenido con formato Incluye nota de contenido.
700 1# - PUNTO DE ACCESO ADICIONAL--NOMBRE DE PERSONA
Nombre de persona Espinal Jacobo, Flavio Darío,
Término indicativo de función/relación ed.
9 (RLIN) 8478
Existencias
Estado de retiro Estado de pérdida No para préstamo Código de colección Localización permanente Ubicación/localización actual Ubicación en estantería Fecha de adquisición Número de inventario Total de préstamos Signatura topográfica completa Código de barras Fecha visto por última vez Precio válido a partir de Tipo de ítem Koha
    Excluido de préstamo Patrimonio Dominicano Patrimonio Dominicano Patrimonio Dominicano En catalogación 27.08.2009 LF1   xxx I59d 6238-10 25.06.2020 25.06.2020 Libro y Folleto Colección Patrimonio Dominicano

Con tecnología Koha